Normal view
MARC view
- Butcher, Tony
Entry Personal Name
001 - CONTROL NUMBER
- control field: 113018
003 - CONTROL NUMBER IDENTIFIER
- control field: NUST
005 - DATE AND TIME OF LATEST TRANSACTION
- control field: 20230606114033.0
008 - FIXED-LENGTH DATA ELEMENTS
- fixed length control field: 230606|| aca||aabn | a|a d
040 ## - CATALOGING SOURCE
- Original cataloging agency: NUST
- Transcribing agency: NUST
100 ## - HEADING--PERSONAL NAME
- Personal name: Butcher, Tony
670 ## - SOURCE DATA FOUND
- Source citation: Work cat.: (NUST)179944: Butcher, Tony , Sams Teach Yourself MySQL in 21 Days / , 2002
